000
00319nam a22001337a 4500
008
210707s2009 xx 000 0 und d
041
_a
eng
082
_a
052 NG
245
_a
National Geographic
260
_b
National Geographic
_c
2009
650
_a
Geography
650
_a
Geography
906
_a
Geographic National
999
_c
179706
_d
179706